000 00946nmm a2200277 a 4500
001 ocm0001865052
003 TR-IsHL
005 20201028172431.0
008 180609s2014 tu tur
007 cr cn
020 _a9786054810123
035 _a1865052
_b(N$T)
050 0 4 _aBP131.13
_b.T48 2014
090 0 4 _aBP131.13
_b.T48 2014
245 1 0 _aTecvidli Kur'an rehberi ve temel bilgiler
_h[electronic resource] /
_chazırlayan Halil İbrahim Kılıçaslan
250 _aBirinci basım
260 _aİstanbul :
_bGelenek Yayıncılık,
_c2014
300 _a184 p.
650 4 _aFelsefe, Psikoloji ve Din
650 4 _aPhilosophy, Psychology and Religion
650 0 _aKur'an-ı Kerim
650 0 _aQur'an
650 7 _aRELIGION / Islam / Koran & Sacred Writings
_2bisacsh
700 1 _aKılıçaslan, Halil İbrahim
856 4 0 _uhttp://search.ebscohost.com/login.aspx?direct=true&scope=site&db=e011xww&AN=1865052
999 _c17199
_d17199